Ascenseur pour l'échafaud Ασανσέρ για δολοφόνους

Ο Ζουλιέν, ένας πρώην αλεξιπτωτιστής και η ερωμένη του, Φλοράνς, σχεδιάζουν το τέλειο έγκλημα για να βγάλουν από τη μέση το σύζυγο της Φλοράνς που είναι ταυτόχρονα και το αφεντικό του Ζουλιέν. Κάτι όμως πάει στραβά στο σχέδιό τους και μπορεί ο σύζυγος να είναι νεκρός, ο Ζουλιέν όμως εγκλωβίζεται σε...

Πλήρης περιγραφή

Αποθηκεύτηκε σε:
Λεπτομέρειες βιβλιογραφικής εγγραφής
Άλλοι συγγραφείς: Malle, Louis, 1932-1995 (Διευθυντής), Moreau, Jeanne, 1928-2017 (Ηθοποιός), Ronet, Maurice, 1927-1983 (Ηθοποιός), Petrovich, Iván, 1894-1962 (Ηθοποιός), Marten, Félix (Ηθοποιός), Ventura, Lino, 1919-1987 (Ηθοποιός)
Μορφή: Διαφάνειες
Γλώσσα:French
Greek
Δημοσίευση: [S. l.] : NEF, c1958.
Σειρά:Louis Malle collection
Θέματα:
Ετικέτες: Προσθήκη ετικέτας
Δεν υπάρχουν, Καταχωρήστε ετικέτα πρώτοι!

MARC

LEADER 00000cgm a2200000 i 4500
001 1/94209
008 080919s1958 gr ||| | || ||fre||
035 |l 10100294 
040 |a GR-MyUa  |b gre  |e AACR2 
041 1 |a fre  |j gre 
082 7 |a 791.437   |2 (22) 
245 0 0 |a Ascenseur pour l'échafaud   |h [μαγνητοσκόπηση] =   |b Ασανσέρ για δολοφόνους /   |c director Louis Malle. 
246 1 |i Παράλληλος τίτλος:   |a Ασανσέρ για δολοφόνους  
260 |a [S. l.] :   |b NEF,   |c c1958. 
300 |a 1 βιντεοδίσκος (88 λεπτ.) :   |b ομίλ., ασπρόμ. ;   |c 4 3/4 ίν. 
490 1 |a (Louis Malle collection) 
500 |a Κυκλοφόρησε πρώτη φορά ως κινηματογραφική ταινία το 1958. 
508 |a Φωτογραφία, Henri Decae ; μοντάζ, Léonide Azar ; βοηθός σκηνοθέτη, Alain Cavalier ; πρωτότυπη μουσική, Miles Davis ; διάλογοι και απόδοση, Louis Malle, Roger Nimier ; βασισμένο στο μυθιστόρημα του Noël Calef ; σχεδιασμός παραγωγής, Irénée Leriche. 
511 0 |a Jeanne Moreau, Maurice Ronet, Iven Petrovich, Felix Marten, Lino Ventura 
520 8 |a Ο Ζουλιέν, ένας πρώην αλεξιπτωτιστής και η ερωμένη του, Φλοράνς, σχεδιάζουν το τέλειο έγκλημα για να βγάλουν από τη μέση το σύζυγο της Φλοράνς που είναι ταυτόχρονα και το αφεντικό του Ζουλιέν. Κάτι όμως πάει στραβά στο σχέδιό τους και μπορεί ο σύζυγος να είναι νεκρός, ο Ζουλιέν όμως εγκλωβίζεται σε ένα ασανσέρ, με την Φλοράνς να αγνοεί τις εξελίξεις που φαίνεται ότι πάνε απ' το κακό στο χειρότερο... 
546 |a Στα γαλλικά με ελληνικούς υπότιτλους. 
655 7 |a Feature films  |2 lcgft 
650 0 |a Murder  |z France  |z Paris  |v Drama. 
700 1 |a Malle, Louis,   |d 1932-1995,  |e drt 
700 1 |a Moreau, Jeanne,   |d 1928-2017,  |e act 
700 1 |a Ronet, Maurice,   |d 1927-1983,  |e act 
700 1 |a Petrovich, Iván,   |d 1894-1962,  |e act 
700 1 |a Marten, Félix,  |e act 
700 1 |a Ventura, Lino,   |d 1919-1987,  |e act 
830 0 |a Louis Malle collection 
852 |a INST  |b SYROS  |c AV  |e 20080919  |h 791.437 MAL  |p 005500005514  |q 005500005514  |t DVD  |y 23 
901 |a BIBL5-2008-1 
922 |a 5ΕΛΗ  |b 200709  |c Βιβλιοθήκη Σύρου  |d Anaco 
970 |a Κοντού  |b Παρασκευή  |z 19/09/2008